| 000 | 00619nam a22001337a 4500 | ||
|---|---|---|---|
| 040 | _cRUA | ||
| 082 | _aAVM THE 2018 B654 Or.1 | ||
| 100 | _aTHEAM KUNTHORS ធៀម គុណធាស់ | ||
| 245 | _aisolation of bacteria in pork at orussey market, phnom penh វត្តមានបាក់តេរីក្នុងសាច់ជ្រូក នៅផ្សារអូឬស្សី រាជធានីភ្នំពេញ | ||
| 260 |
_aRUA _bPhnom penh _c2018 |
||
| 300 |
_aix;32p _bill; _c29cm |
||
| 856 | _uhttps://drive.google.com/file/d/1RTVd09h_lDtkAwdCRMSoT2q9aK7p8NM5/view?usp=sharing | ||
| 942 | _cAVM | ||
| 999 |
_c18614 _d18614 |
||